Estadísticas para Países más cercanos a Aruba

Haz click aquí para intentar la prueba.

Estadísticas generales

  • Esta prueba ha sido intentada 25 veces
  • La puntuación promedio es 16 de 20

Estadísticas de respuestas

kmpaís% Correcto
125Colombia
100%
27Venezuela
100%
629Haití
96%
883Jamaica
96%
907Panamá
96%
574República Dominicana
96%
943Cuba
91%
1166Guyana
91%
905Trinidad y Tobago
91%
1064Brasil
83%
1114Barbados
78%
969Dominica
78%
931San Cristóbal y Nieves
78%
913San Vicente y las Granadinas
78%
998Antigua y Barbuda
74%
879Granada
74%
965Santa Lucía
74%
986Bahamas
70%
77Curazao
43%
954San Martín
22%

Distribución de puntuación

Porcentaje por número respondido

Porcentaje de gente con cada puntuación

Historial de tus puntuaciones

No has intentado esta prueba.